00530nam a22001577a 450000500170000001000130001702000260003003500170005603700170007308200080009010000170009824500890011526000710020427000570027530000400033220150304150520.0 aBAC-EN21 a9789350365952c699.00 aB-592174-180 bUBH/Venadpl a921 aMenon, Ritu  aOut of line:cby Ritu Menonba literary and political biography of Nayantara Sahgal/ aNoidabFourth Estate: an imprint of HarperCollins Publishersc2014 aA-75, Sector 57bNoida, Uttar Pradeshe201301, India axii, 388p.c23cm. (pbk)bB&W photos